Bashō Ō tsuizen no nikki /

Saved in:
Bibliographic Details
Main Author: Kagami, Shikō, 1665-1731.
Other Authors: Akahane, Manabu, 1928-
Format: Book
Language:Japanese
Published: Okayama : Fukutake Shoten, Shōwa 49 [1974]
Series:Okayama Daigaku kokubungaku shiryō sōsho ; 8.
Subjects:
Tags: Add Tag
No Tags, Be the first to tag this record!
LEADER 01032cam a2200277Ii 4500
001 007785183-8
005 20020606104010.5
008 801113s1974 ja af b 001 0 jpn
010 |a  75805842 /J 
015 |a Ja75-3863 
035 0 |a ocm06932782 
040 |a DLC  |c OSU  |d OCL  |d YNH 
050 0 0 |a PL794.4.Z5  |b K3 1974 
100 1 |a Kagami, Shikō,  |d 1665-1731. 
245 1 0 |a Bashō Ō tsuizen no nikki /  |c [Kagami Shikō cho ; sekinin henshū Akabane Manabu]. 
260 |a Okayama :  |b Fukutake Shoten,  |c Shōwa 49 [1974] 
300 |a 123 p., [3] leaves of plates :  |b ill. ;  |c 22 cm. 
490 1 |a Okayama Daigaku kokubungaku shiryō sōsho ;  |v 8 
500 |a Includes index. 
504 |a Bibliography: p. 111. 
505 0 |a Bashō Ō tsuizen no nikki, Oi nikki (shō) / Kagami Shikō -- Kareobana "Nakikarao" no maki -- Bashō no shūen / Akabane Manabu. 
600 1 0 |a Matsuo, Bashō,  |d 1644-1694. 
700 1 |a Akahane, Manabu,  |d 1928- 
830 0 |a Okayama Daigaku kokubungaku shiryō sōsho ;  |v 8. 
988 |a 20020608 
906 |0 DLC